| 000 | 00691nam a2200157 a 4500 | ||
|---|---|---|---|
| 008 | 120416s1959 ||||||||||||||||| || u | ||
| 050 | _aTA 683 Fab | ||
| 100 | _aFaber, Oscar | ||
| 245 | 1 | 0 |
_aReinforced concrete simply explained _crevised by John Faber |
| 250 | _a5th ed. | ||
| 260 |
_aLondon _bOxford University Press _c1959 |
||
| 300 | _axii, 88p. : ill. | ||
| 350 | _a0.00 | ||
| 995 |
_aMAIN LIBRARY OPEN ACCESS _D0.00 _e717016 _FCBU-MAIN LIBRARY (Kitwe) _H1 _I5.00 _jTA 683 Fab _M1 _UAVAILABLE _y013860 _ZMain Library Open Access Collection |
||
| 995 |
_aMAIN LIBRARY OPEN ACCESS _D0.00 _e716079 _FCBU-MAIN LIBRARY (Kitwe) _H2 _I5.00 _jTA 683 Fab _UAVAILABLE _y013859 _ZMain Library Open Access Collection |
||
| 999 |
_c80032 _d80032 |
||